000 00925nam0a22002291 4500
001 rc\3332587
005 20260407103342.0
035 _a(NLR Aleph) 007426201
090 _a6968248
_c6968248
100 _a20130115a19749999|||y0rusy50 ca
101 0 _arus
102 _aRU
105 _ay z |||||
200 1 _aНаучные труды
_fТашк. пед. ин-т им. Низами
210 _aТашкент
_cБ. и.
_d1974-
710 0 2 _aТашкентский государственный педагогический институт им. Низами
_3RU\NLR\AUTH\889932097
_9359537
801 0 _aRU
_bNLR
_gpsbo
801 1 _aRU
_bELAR
_2rusmarc
830 _aПеречень имеющихся в библиотеке томов, номеров, годов этого издания смотри в каталоге периодических изданий
852 _aNLR
_jП28/423
942 _cBOOK
980 _aNB